Statistiques concernant Classement des meilleurs combattants de MMA Pound for Pound

Cliquez ici pour prendre le quiz!

Statistiques générales

  • Ce quiz a été pris 90 fois
  • Le résultat moyen est 6 sur 15

Statistiques - réponses

HintRéponse% Correct
5.Jon Jones
97%
1.Islam Makhachev
79%
2.Leon Edwards
68%
6.Alex Pereira
67%
7.Sean O’Malley
60%
4.Ilia Topuria
51%
11.Kamaru Usman
51%
3.Alexandre Pantoja
44%
15.Arman Tsarukyan
23%
9.Aljamain Sterling
21%
14.Brandon Moreno
14%
8.Merab Dvalishvili
5%
12.Belal Muhammad
3%
10.Devinson Figueiredo
3%
13.Brandon Royval
1%

Distribution des résultats

Percentile par nombre de réponses

% des personnes avec chaque résultat

Votre développement - résultats

Vous n’avez pas pris ce quiz